Films avec plus de 40 morts à l'écran en mort subite - Statistiques

Statistiques générales
  • Ce quiz a été pris 163 fois
  • Le résultat moyen est 22 sur 40
Answers on the Grid
Answers color-coded by a green-red scale on the quiz's grid according to % correct below.
Le Seigneur des anneaux - Le Retour du roi (2003)
Kingdom of Heaven (2005)
Troie (2004)
Le Dernier Samouraï (2003)
Le Seigneur des anneaux - Les Deux Tours (2002)
Inglourious Basterds (2009)
Titanic (1997)
Starship Troopers (1997)
Il faut sauver le soldat Ryan (1998)
Mars Attacks! (1996)
Equilibrium (2002)
Blood Diamond (2006)
Le monde ne suffit pas (1999)
Dune (1984)
Braveheart (1995)
Le Dernier des Mohicans (1992)
La Momie (1999)
Pearl Harbor (2001)
Le Jour d'après (2004)
Rambo III
Le Bon, la Brute et le Truand (1966)
Resident Evil : Extinction (2007)
The Patriot : Le Chemin de la liberté (2000)
Une nuit en enfer (1996)
Le Retour de la Momie (2001)
Le Seigneur des anneaux - La Communauté de l'anneau (2001)
Blade (1998)
Pour une poignée de dollars (1964)
Django (1966)
Le Roi Scorpion (2002)
Le Cinquième Élément (1997)
Gladiator (2000)
Total Recall (1990)
Indiana Jones et le Royaume du crâne de cristal (2008)
John Rambo (2008)
Waterworld (1995)
Rambo II - La Mission (1985)
Demain ne meurt jamais (1997)
Django Unchained (2012)
Kill Bill - Volume 1 (2003)
Speed (1994)
Anaconda, le prédateur (1997)
Chucky : La Poupée de sang (1990)
Crawl (2019)
Get Out (2017)
 
Statistiques - réponses
Réponse % Correct
Titanic (1997)
84%
Il faut sauver le soldat Ryan (1998)
81%
Pearl Harbor (2001)
81%
Troie (2004)
80%
Le Seigneur des anneaux - Les Deux Tours (2002)
79%
Gladiator (2000)
77%
Le Seigneur des anneaux - Le Retour du roi (2003)
75%
Le Seigneur des anneaux - La Communauté de l'anneau (2001)
72%
Rambo III
71%
Inglourious Basterds (2009)
67%
Kill Bill - Volume 1 (2003)
67%
Le Dernier Samouraï (2003)
66%
Rambo II - La Mission (1985)
66%
Braveheart (1995)
64%
John Rambo (2008)
60%
Django Unchained (2012)
59%
Mars Attacks! (1996)
59%
Dune (1984)
56%
Le Jour d'après (2004)
56%
Resident Evil : Extinction (2007)
55%
Kingdom of Heaven (2005)
52%
Le Dernier des Mohicans (1992)
52%
The Patriot : Le Chemin de la liberté (2000)
50%
Starship Troopers (1997)
49%
La Momie (1999)
48%
Blade (1998)
46%
Une nuit en enfer (1996)
46%
Indiana Jones et le Royaume du crâne de cristal (2008)
44%
Le Bon, la Brute et le Truand (1966)
43%
Le Roi Scorpion (2002)
43%
Django (1966)
42%
Waterworld (1995)
42%
Le Retour de la Momie (2001)
41%
Le Cinquième Élément (1997)
40%
Blood Diamond (2006)
38%
Total Recall (1990)
32%
Le monde ne suffit pas (1999)
28%
Pour une poignée de dollars (1964)
28%
Demain ne meurt jamais (1997)
26%
Equilibrium (2002)
22%
Aucun quiz correspondant
Distribution des résultats
% des personnes avec chaque résultat
Percentile par nombre de réponses
Votre historique - résultats
Vous n’avez pas pris ce quiz